Barba-Azul (Record no. 159280)

MARC details
000 -LEADER
campo de control de longitud fija 00986nam a22002055i 4500
001 - NÚMERO DE CONTROL
campo de control 159280
003 - IDENTIFICADOR DE NÚMERO DE CONTROL
campo de control ES-MaACL
005 - FECHA Y HORA DE LA ÚLTIMA TRANSACCIÓN
campo de control 20250516163846.0
008 - DATOS DE LONGITUD FIJA--INFORMACIÓN GENERAL
campo de control de longitud fija 040716s1869 sp |||| | spa d
040 ## - FUENTE DE CATALOGACIÓN
Centro catalogador/agencia de origen CAM
Lengua de catalogación spa
Centro/agencia transcriptor CAM
100 1# - ENTRADA PRINCIPAL--NOMBRE DE PERSONA
Nombre de persona Meilhac, Henri.
9 (RLIN) 129795
245 10 - MENCIÓN DEL TÍTULO
Título Barba-Azul
Resto del título : opera burlesca en tres actos y en cuatro cuadros /
Mención de responsabilidad, etc. por Enrique Meilhac y Ludovico Halevy ; música del maestro Jacques Offenhbach ; arreglada á la escena española por Angel Povedano.
260 ## - PUBLICACIÓN, DISTRIBUCIÓN, ETC.
Lugar de publicación, distribución, etc. Madrid :
Nombre del editor, distribuidor, etc. [s.n.],
Fecha de publicación, distribución, etc. 1869 (
Fabricante Imprenta de T. Nuñez Amor)
300 ## - DESCRIPCIÓN FÍSICA
Extensión 71 p. ;
Dimensiones 19 cm.
700 1# - ENTRADA AGREGADA--NOMBRE PERSONAL
Nombre de persona Halévy, Ludovic,
Fechas asociadas al nombre 1834-1908
9 (RLIN) 240505
700 0# - ENTRADA AGREGADA--NOMBRE PERSONAL
Nombre de persona Offenbach, Jacques.
9 (RLIN) 86559
700 1# - ENTRADA AGREGADA--NOMBRE PERSONAL
Nombre de persona Povedano, Angel.
9 (RLIN) 131332
852 ## - LOCALIZACIÓN
Ubicación ES-MaACL
Número de control de estantería F-8597(14)
Nota libre -- Enc. pasta española
-- -- Ex-libris ms. de Gustavo Saenz Diez
condición física .- Falto de la cub. original
Nota libre .- Enc. en un vol. facticio formando parte de la col. facticia "Teatro español moderno", vol. 50
Holdings
Estatus retirado Estado de pérdida Estado de daño No para préstamo Colección Biblioteca de origen Biblioteca actual Ubicación en estantería Fecha de adquisición Total de préstamos Signatura topográfica completa Código de barras Visto por última vez Precio de reemplazo Tipo de ítem Koha
        Libros del s. XIX Biblioteca del Ateneo de Madrid Biblioteca del Ateneo de Madrid Sala Pecera Planta 2 17/01/2008   F-8597(14) 1166740 23/02/2023 23/02/2023 Libro impreso antiguo